| 000 | 00742nam a2200229 i 4500 | ||
|---|---|---|---|
| 001 | 22627 | ||
| 003 | ES-MaACL | ||
| 005 | 20230906152729.0 | ||
| 007 | t| | ||
| 008 | 021203s1969 sp ||||1| spa d | ||
| 080 | _a347.998.4(460) | ||
| 100 | 1 |
_aAlonso Olea, Manuel. _920374 |
|
| 245 | 1 | 0 |
_aDerecho procesal del trabajo / _cManuel Alonso Olea. |
| 260 |
_aMadrid : _bInstituto de Estudios Políticos, _c1969. |
||
| 300 |
_a207 p. ; _c21 cm. |
||
| 490 | 1 |
_aEstudios de trabajo y previsión ; _v21 |
|
| 650 | 4 |
_aProcedimiento laboral- _zEspaña. _9140979 |
|
| 710 | 2 |
_aInstituto de Estudios Políticos (Madrid) _94924 |
|
| 830 | 1 |
_aEstudios de trabajo y previsión ; _v21 _9181877 |
|
| 852 | 4 |
_aES-MaACL _jC-38557 |
|
| 999 |
_c22627 _d22627 |
||